<?xml version="1.0" encoding="UTF-8"?>
<record
    xmlns:xsi="http://www.w3.org/2001/XMLSchema-instance"
    xsi:schemaLocation="http://www.loc.gov/MARC21/slim http://www.loc.gov/standards/marcxml/schema/MARC21slim.xsd"
    xmlns="http://www.loc.gov/MARC21/slim">

  <leader>03329nam a22005057a 4500</leader>
  <controlfield tag="003">OSt</controlfield>
  <controlfield tag="005">20260626160012.0</controlfield>
  <controlfield tag="008">230906b        |||||||| |||| 00| 0 eng d</controlfield>
  <datafield tag="020" ind1=" " ind2=" ">
    <subfield code="a">9781984659347</subfield>
    <subfield code="c">[paperback].</subfield>
  </datafield>
  <datafield tag="020" ind1=" " ind2=" ">
    <subfield code="c">Mind Mover :</subfield>
  </datafield>
  <datafield tag="020" ind1=" " ind2=" ">
    <subfield code="c">&#x20B1;5,450.00</subfield>
  </datafield>
  <datafield tag="040" ind1=" " ind2=" ">
    <subfield code="b">English</subfield>
    <subfield code="c">Foundation University library</subfield>
  </datafield>
  <datafield tag="050" ind1=" " ind2=" ">
    <subfield code="a">TX 353</subfield>
    <subfield code="b">.2022 T47</subfield>
  </datafield>
  <datafield tag="082" ind1=" " ind2=" ">
    <subfield code="a">641.3 </subfield>
    <subfield code="b">T41 2022</subfield>
  </datafield>
  <datafield tag="110" ind1=" " ind2=" ">
    <subfield code="a"> 3G E-Learning</subfield>
    <subfield code="e">Author, Editor and Publisher</subfield>
  </datafield>
  <datafield tag="245" ind1=" " ind2=" ">
    <subfield code="a">Basic foods /</subfield>
    <subfield code="c">by  3G E-Learning</subfield>
  </datafield>
  <datafield tag="250" ind1=" " ind2=" ">
    <subfield code="a">2nd Edition.</subfield>
  </datafield>
  <datafield tag="260" ind1=" " ind2=" ">
    <subfield code="a">New York, NY :</subfield>
    <subfield code="b"> 3G E-Learning,</subfield>
    <subfield code="c">2022</subfield>
  </datafield>
  <datafield tag="264" ind1=" " ind2=" ">
    <subfield code="4">2022</subfield>
  </datafield>
  <datafield tag="300" ind1=" " ind2=" ">
    <subfield code="a">xvii, 437 pages :</subfield>
    <subfield code="b">color illustrations ;</subfield>
    <subfield code="c">26 cm +</subfield>
    <subfield code="e">1 DVD 4 3/4 in.</subfield>
    <subfield code="3">resource</subfield>
    <subfield code="f">resource</subfield>
  </datafield>
  <datafield tag="336" ind1=" " ind2=" ">
    <subfield code="2">rda content</subfield>
    <subfield code="a">text</subfield>
    <subfield code="b">txt </subfield>
  </datafield>
  <datafield tag="337" ind1=" " ind2=" ">
    <subfield code="2">rda media</subfield>
    <subfield code="a">unmediated</subfield>
    <subfield code="b">n</subfield>
  </datafield>
  <datafield tag="338" ind1=" " ind2=" ">
    <subfield code="2">rda carrier</subfield>
    <subfield code="3">volume</subfield>
    <subfield code="a">volume</subfield>
    <subfield code="b">nc</subfield>
  </datafield>
  <datafield tag="490" ind1=" " ind2=" ">
    <subfield code="a">CHM-HosMgt Series</subfield>
  </datafield>
  <datafield tag="500" ind1=" " ind2=" ">
    <subfield code="a">Tables.</subfield>
  </datafield>
  <datafield tag="500" ind1=" " ind2=" ">
    <subfield code="a">"Full Color Book plus DVD"
"Over 100 hours Interactive E-lectures, Quiz and Videos in DVD"
"DVD has many useful features for teachers to teach with digital resources in classroom" --On Cover
</subfield>
  </datafield>
  <datafield tag="504" ind1=" " ind2=" ">
    <subfield code="a">Includes bibliographical references and index.</subfield>
  </datafield>
  <datafield tag="505" ind1=" " ind2=" ">
    <subfield code="a">Chapter 1 Introduction to Food Science.
Chapter 2 Sugar and Sugar Cookery.
Chapter 3 Frozen Dessert.
Chapter 4 Milk and Dairy Products.
Chapter 5 Vegetables and Fruits.
Chapter 6 Meat, Fish, Poultry.
Chapter 7 Beverage.
Chapter 8 Spices and Herbs.
Chapter 9 Egg and Egg Cookery.
Chapter 10 Fats and Oils.
Chapter 11 Rice, Corn and Other Cereals.
Chapter 12 Starch and Starch Product.
Chapter 13 Flour, Dough and Butter.
Chapter 14 Food Quality Management.
Index</subfield>
  </datafield>
  <datafield tag="520" ind1=" " ind2=" ">
    <subfield code="a">This book contains the principles in preparation and cooking of different classes of food, their composition, structure and market forms. Emphasis is given on the principles underlying preparation and coking in order to maintain quality, palatability, nutritive value and acceptability of meals with consideration on economic factors under strict compliance with food safety standards. The text is revised in this edition and new topics are also added. You will learn to understand the basic of foods and food preparation means acquiring some important skills in the kitchen. In this book, you will learn more about some basic food preparation skills that will help at our home or in a commercial kitchen." --Provided by the Publisher</subfield>
  </datafield>
  <datafield tag="650" ind1=" " ind2=" ">
    <subfield code="a">Food.</subfield>
  </datafield>
  <datafield tag="658" ind1=" " ind2=" ">
    <subfield code="a">Hospitality Management, Bachelor of Science in </subfield>
    <subfield code="b">Kitchen Essentials &amp; Basic Food Preparation with Food Science &amp; Technology (Food Processing)</subfield>
    <subfield code="c">HOSM 101</subfield>
  </datafield>
  <datafield tag="700" ind1=" " ind2=" ">
    <subfield code="a">Mrantinkovic, Aleksandar  </subfield>
    <subfield code="e">Editor</subfield>
    <subfield code="9">6919</subfield>
  </datafield>
  <datafield tag="700" ind1=" " ind2=" ">
    <subfield code="a">Piestun, Dan </subfield>
    <subfield code="e">Editor</subfield>
    <subfield code="9">6920</subfield>
  </datafield>
  <datafield tag="700" ind1=" " ind2=" ">
    <subfield code="a"> Fouda, Hazem Shawky </subfield>
    <subfield code="9">6921</subfield>
  </datafield>
  <datafield tag="700" ind1=" " ind2=" ">
    <subfield code="a">Killlings, Felecia  </subfield>
    <subfield code="e">Editor</subfield>
    <subfield code="9">6922</subfield>
  </datafield>
  <datafield tag="700" ind1=" " ind2=" ">
    <subfield code="a">Hajj, Sandra El  </subfield>
    <subfield code="e">Editor</subfield>
    <subfield code="9">6923</subfield>
  </datafield>
  <datafield tag="700" ind1=" " ind2=" ">
    <subfield code="a">Parveen, Fozia</subfield>
    <subfield code="e">Editor</subfield>
    <subfield code="9">6924</subfield>
  </datafield>
  <datafield tag="700" ind1=" " ind2=" ">
    <subfield code="a"> Krunic, Igor  </subfield>
    <subfield code="e">Editor</subfield>
    <subfield code="9">6925</subfield>
  </datafield>
  <datafield tag="700" ind1=" " ind2=" ">
    <subfield code="a">Pehcevski, Jovan  </subfield>
    <subfield code="e">Editor</subfield>
    <subfield code="9">6926</subfield>
  </datafield>
  <datafield tag="700" ind1=" " ind2=" ">
    <subfield code="a">Nur, Tajina  </subfield>
    <subfield code="e">Editor</subfield>
    <subfield code="9">6927</subfield>
  </datafield>
  <datafield tag="700" ind1=" " ind2=" ">
    <subfield code="a">Stephen  </subfield>
    <subfield code="e">Editor</subfield>
    <subfield code="9">6928</subfield>
  </datafield>
  <datafield tag="700" ind1=" " ind2=" ">
    <subfield code="a">Michelle </subfield>
    <subfield code="e">Editor</subfield>
    <subfield code="9">6929</subfield>
  </datafield>
  <datafield tag="856" ind1=" " ind2=" ">
    <subfield code="u">https://drive.google.com/file/d/1tzHtNv-m9juo9BeCSuj_vCPQwNXbxux7/view?usp=share_link</subfield>
    <subfield code="y">Click here to view the table of contents.</subfield>
  </datafield>
  <datafield tag="942" ind1=" " ind2=" ">
    <subfield code="2">lcc</subfield>
    <subfield code="c">BK</subfield>
    <subfield code="n">0</subfield>
    <subfield code="e">2nd edition</subfield>
    <subfield code="h">TX 353</subfield>
    <subfield code="i"> .2022 T47</subfield>
    <subfield code="k">(CHM-HosMgt) </subfield>
  </datafield>
  <datafield tag="999" ind1=" " ind2=" ">
    <subfield code="c">3291</subfield>
    <subfield code="d">3291</subfield>
  </datafield>
  <datafield tag="952" ind1=" " ind2=" ">
    <subfield code="u">https://drive.google.com/file/d/1tzHtNv-m9juo9BeCSuj_vCPQwNXbxux7/view?usp=share_link</subfield>
    <subfield code="0">0</subfield>
    <subfield code="1">0</subfield>
    <subfield code="2">ddc</subfield>
    <subfield code="4">0</subfield>
    <subfield code="7">0</subfield>
    <subfield code="a">FOUNDATION</subfield>
    <subfield code="b">FOUNDATION</subfield>
    <subfield code="c">CIRC</subfield>
    <subfield code="d">2023-09-06</subfield>
    <subfield code="e">Purchased</subfield>
    <subfield code="l">2</subfield>
    <subfield code="m">1</subfield>
    <subfield code="o">Circ 641.3  T41 2022</subfield>
    <subfield code="p">63066</subfield>
    <subfield code="r">2025-05-10 10:38:00</subfield>
    <subfield code="s">2025-03-11</subfield>
    <subfield code="w">2023-09-06</subfield>
    <subfield code="y">BK</subfield>
    <subfield code="k">63066</subfield>
  </datafield>
  <datafield tag="952" ind1=" " ind2=" ">
    <subfield code="u">https://drive.google.com/file/d/1tzHtNv-m9juo9BeCSuj_vCPQwNXbxux7/view?usp=share_link</subfield>
    <subfield code="0">0</subfield>
    <subfield code="1">0</subfield>
    <subfield code="2">lcc</subfield>
    <subfield code="4">0</subfield>
    <subfield code="7">7</subfield>
    <subfield code="8">NFIC</subfield>
    <subfield code="a">FOUNDATION</subfield>
    <subfield code="b">FOUNDATION</subfield>
    <subfield code="c">MAIN-CHM</subfield>
    <subfield code="d">2026-06-26</subfield>
    <subfield code="e">Library Budget</subfield>
    <subfield code="l">0</subfield>
    <subfield code="o">(CHM-HosMgt) TX 353 .2022 T47</subfield>
    <subfield code="p">0252026003126</subfield>
    <subfield code="r">2026-06-26 15:57:59</subfield>
    <subfield code="w">2026-06-26</subfield>
    <subfield code="y">BK</subfield>
    <subfield code="k">CHM-HosMgt-2026126</subfield>
  </datafield>
  <datafield tag="952" ind1=" " ind2=" ">
    <subfield code="u">https://drive.google.com/file/d/1tzHtNv-m9juo9BeCSuj_vCPQwNXbxux7/view?usp=share_link</subfield>
    <subfield code="0">0</subfield>
    <subfield code="1">0</subfield>
    <subfield code="2">lcc</subfield>
    <subfield code="4">0</subfield>
    <subfield code="7">4</subfield>
    <subfield code="8">NFIC</subfield>
    <subfield code="a">FOUNDATION</subfield>
    <subfield code="b">FOUNDATION</subfield>
    <subfield code="c">MAIN-CHM</subfield>
    <subfield code="d">2026-06-26</subfield>
    <subfield code="e">Library Budget</subfield>
    <subfield code="l">0</subfield>
    <subfield code="o">(CHM-HosMgt) TX 353 .2022 T47 c.2</subfield>
    <subfield code="p">0252026003127</subfield>
    <subfield code="r">2026-06-26 16:00:01</subfield>
    <subfield code="w">2026-06-26</subfield>
    <subfield code="y">BK</subfield>
    <subfield code="k">CHM-HosMgt-2026127</subfield>
  </datafield>
</record>
